| 000 | 00731cam a2200265 4500500 | ||
|---|---|---|---|
| 005 | 20260329005256.0 | ||
| 041 | _afre | ||
| 042 | _adc | ||
| 100 | 1 | 0 |
_aSorente, Isabelle _eauthor |
| 245 | 0 | 0 | _aEst-ce qu’on travaille trop ? |
| 260 | _c2023. | ||
| 500 | _a99 | ||
| 690 | _aÂge | ||
| 690 | _aAliénation | ||
| 690 | _aCéline Marty | ||
| 690 | _aDenis Maillard | ||
| 690 | _aOisiveté | ||
| 690 | _aparesse | ||
| 690 | _aPierre-Yves Gomez | ||
| 690 | _aRéforme | ||
| 690 | _aRetraite | ||
| 690 | _aTravail | ||
| 786 | 0 | _nPhilosophie magazine | 167 | 2 | 2023-03-01 | p. 25-25 | 1951-1787 | |
| 856 | 4 | 1 | _uhttps://shs.cairn.info/magazine-philosophie-magazine-2023-2-page-25?lang=fr&redirect-ssocas=7080 |
| 999 |
_c1841898 _d1841898 |
||